000 00742nam a2200217 a 4500
005 20240925064253.0
008 991125s1941 ag 000 0 spa u
035 _aUPN01000049503
049 _aCG
050 4 _aLB1117
_bM5.68
100 1 _aMillot, Albert
245 1 3 _aLa psicología del niño en edad escolar /
_cA. Millot, M. Debesse, R. Duthil ; tr. María Luisa Navarro de Luzuriaga.
260 _aBuenos Aires :
_bLosada,
_c1941.
300 _a201 p.
440 0 _aPublicaciones de la revista de pedagogía.
_pBiblioteca del maestro ;
_v8
650 4 _aNiño, Estudio del
_9221
650 4 _aPsicología educativa
_95197
700 1 _aDebesse, Maurice,
_d1903-1998
_ecoaut.
_933826
700 1 _aDuthil, R.,
_ecoaut.
905 _aLibro
999 _c49503
_d49503